000 00466nam a22001457a 4500
020 _a81-261-1707-9
082 _a371.2
_bVAS/S
100 _aVASHIST, S R
245 _aSUPERVISION IN ELEMENTARY SCHOOLS
260 _aDELHI
_bANMOL PUBLICATIONS
_c2004
300 _a375
520 _ahistory of school supervision, overview of instructional supervisory approaches, teachers' perception of the supervision processes,
650 _aSCHOOL EDUCATION
_zINDIA
942 _cBK
999 _c5418
_d5418